[Event "Weekend Vitinia"]
[Site "Roma ITA"]
[Date "1996.11.??"]
[Round "?"]
[White "Colantonio, Marco"]
[Black "De Blasio, Alessandro"]
[Result "0-1"]
[WhiteElo "1573"]
[BlackElo "1609"]
[PlyCount "44"]
[EventDate "1996.11.17"]

1. e4 c5 2. c3 d5 3. exd5 Qxd5 4. d4 Nf6 5. dxc5 e5 6. Qxd5 Nxd5 7. Bc4 Be6 8.
b4 a5 9. Bd2 Nxb4 10. Bb5+ N4c6 11. Nf3 Nd7 12. Be3 Bd5 13. Nbd2 f5 14. c4 Bxf3
15. Nxf3 f4 16. Nxe5 Ndxe5 17. Bd4 O-O-O 18. Bxe5 Nxe5 19. O-O Bxc5 20. Rae1
Nd3 21. Re4 Nxf2 22. Rxf2 Rd1+ 0-1

[Event "Weekend Vitinia"]
[Site "Roma ITA"]
[Date "1996.11.??"]
[Round "?"]
[White "Colantonio, Marco"]
[Black "Drago, Valentino"]
[Result "1-0"]
[WhiteElo "1573"]
[BlackElo "1603"]
[PlyCount "67"]
[EventDate "1996.11.17"]

1. e4 c5 2. c3 d6 3. d4 cxd4 4. cxd4 g6 5. Nf3 Bg7 6. Be3 b6 7. Nc3 Bb7 8. Bc4
e6 9. O-O Ne7 10. Qd2 O-O 11. Bh6 Nd7 12. Bxg7 Kxg7 13. h4 Rc8 14. Bb3 a6 15.
h5 Nf6 16. hxg6 hxg6 17. Ng5 Rh8 18. Bxe6 Qc7 19. Bxf7 Qb8 20. d5 Rh5 21. Be6
Rch8 22. Bh3 Bc8 23. f4 Bxh3 24. gxh3 Ng4 25. Qd4+ Nf6 26. Rf3 Qc8 27. e5 dxe5
28. Qxe5 Nf5 29. Nce4 Nh4 30. Qxf6+ Kh6 31. Nf7+ Kh7 32. Rc3 Qb8 33. Nxh8 Qxh8
34. Rc7+ 1-0

[Event "Weekend Vitinia"]
[Site "Roma ITA"]
[Date "1996.11.??"]
[Round "?"]
[White "Colantonio, Marco"]
[Black "Scalfaro, Sergio"]
[Result "0-1"]
[WhiteElo "1573"]
[BlackElo "1810"]
[PlyCount "134"]
[EventDate "1996.11.17"]

1. e4 c5 2. c3 e6 3. d4 d5 4. e5 Nc6 5. Nf3 Qb6 6. a3 Nge7 7. Bd3 cxd4 8. cxd4
Bd7 9. Bc2 Rc8 10. Nc3 Na5 11. O-O Nc4 12. Na4 Qc6 13. Nc5 b6 14. Nxd7 Qxd7 15.
b3 Na5 16. Bd2 Nec6 17. Bd3 Be7 18. Bb5 O-O 19. Bxa5 bxa5 20. Qd2 Bd8 21. Rac1
Qb7 22. Bxc6 Rxc6 23. Rxc6 Qxc6 24. Rc1 Qb7 25. Qd3 Be7 26. a4 Rb8 27. Nd2 Bb4
28. Nf3 Ba3 29. Rb1 Rc8 30. Ng5 g6 31. h4 Be7 32. Qf3 Bxg5 33. hxg5 Qb4 34. Qd3
Rc3 35. Qb5 Qxb5 36. axb5 Rd3 37. Ra1 Rxd4 38. Rxa5 Rb4 39. Rxa7 Rxb5 40. Ra3
d4 41. f4 h5 42. Kf2 Kf8 43. Ke2 Ke8 44. Kd3 Kd7 45. Kxd4 Rb4+ 46. Ke3 Kc6 47.
g3 Kb5 48. Kd3 h4 49. gxh4 Rxf4 50. Ra4 Rf3+ 51. Kc2 Rf5 52. Re4 Kc5 53. b4+
Kd5 54. Kd3 Rf3+ 55. Re3 Rxe3+ 56. Kxe3 Kc4 57. Kf3 Kxb4 58. Kg4 Kc5 59. h5
gxh5+ 60. Kxh5 Kd5 61. Kh6 Kxe5 62. g6 fxg6 63. Kxg6 Kd4 64. Kg5 e5 65. Kg4 Kd3
66. Kf3 e4+ 67. Kf2 Kd2 0-1

[Event "Weekend Vitinia"]
[Site "Roma ITA"]
[Date "1996.11.??"]
[Round "?"]
[White "Colombrini, Adolfo"]
[Black "Arca', Luciano"]
[Result "1/2-1/2"]
[WhiteElo "1659"]
[BlackElo "1483"]
[PlyCount "68"]
[EventDate "1996.11.17"]

1. e4 c6 2. d4 d5 3. exd5 cxd5 4. Bd3 Nc6 5. c3 Nf6 6. Bg5 e6 7. Nf3 Be7 8. O-O
Qb6 9. Qc2 O-O 10. Bxf6 Bxf6 11. Bxh7+ Kh8 12. Bd3 e5 13. dxe5 Bxe5 14. Qe2 Bg4
15. h3 Rfe8 16. Qc2 Bxf3 17. gxf3 Bg3 18. Kg2 Bd6 19. Qd2 Re6 20. Na3 a6 21.
Rae1 Rae8 22. Qg5 Kg8 23. Rxe6 Rxe6 24. Qxd5 Qxb2 25. Nc4 Qxa2 26. Qh5 Rh6 27.
Qg4 Bf8 28. Qd7 Qb2 29. Rb1 Qxc3 30. Rxb7 Qf6 31. Rc7 Qg5+ 32. Kh1 Qc1+ 33. Kh2
Qf4+ 34. Kg2 Qg5+ 1/2-1/2

[Event "Weekend Vitinia"]
[Site "Roma ITA"]
[Date "1996.11.??"]
[Round "?"]
[White "Colombrini, Adolfo"]
[Black "Fanciulli, Gianluca"]
[Result "1-0"]
[WhiteElo "1659"]
[BlackElo "1564"]
[PlyCount "121"]
[EventDate "1996.11.17"]

1. e4 c6 2. d4 d5 3. exd5 cxd5 4. c4 Nf6 5. Nc3 e6 6. Nf3 Be7 7. Bf4 O-O 8. c5
Nc6 9. Bb5 Bd7 10. Bxc6 Bxc6 11. b4 a6 12. a4 b5 13. axb5 Bxb5 14. Nxb5 axb5
15. O-O Nh5 16. Rxa8 Qxa8 17. Bc7 Rc8 18. Ba5 Bd8 19. Bxd8 Rxd8 20. Ne5 Nf6 21.
Qc2 Ne8 22. Qd3 Nc7 23. Qg3 f6 24. Nf7 Rd7 25. Nd6 Re7 26. Qc3 Qb8 27. Ra1 Ne8
28. Nxe8 Qxe8 29. Ra5 e5 30. h3 exd4 31. Qxd4 Re1+ 32. Kh2 Qc6 33. Ra7 Re4 34.
Qd2 Qe6 35. Ra8+ Kf7 36. Ra7+ Kf8 37. g3 Re2 38. Qf4 Qe5 39. Qxe5 fxe5 40. Kg2
Rc2 41. Rd7 Rc4 42. Rxd5 Rxb4 43. Rxe5 Rc4 44. c6 Rxc6 45. Rxb5 Kf7 46. g4 h6
47. h4 g6 48. Kg3 Kf6 49. g5+ hxg5 50. hxg5+ Kf7 51. f4 Rc1 52. Rb7+ Kg8 53.
Kf3 Rc4 54. Re7 Kf8 55. Rd7 Kg8 56. Ke3 Rc1 57. Ke4 Rc8 58. Ke5 Re8+ 59. Kf6
Rf8+ 60. Kxg6 Rxf4 61. Rd8+ 1-0

[Event "Weekend Vitinia"]
[Site "Roma ITA"]
[Date "1996.11.??"]
[Round "?"]
[White "Colombrini, Adolfo"]
[Black "Gardon, Ermanno"]
[Result "0-1"]
[WhiteElo "1659"]
[BlackElo "1683"]
[PlyCount "74"]
[EventDate "1996.11.17"]

1. e4 e6 2. d4 d5 3. Nc3 Nf6 4. Bg5 Bb4 5. e5 h6 6. exf6 hxg5 7. fxg7 Rg8 8.
Nf3 Rxg7 9. Ne5 Nd7 10. Nxd7 Bxd7 11. Bd3 Qf6 12. a3 Ba5 13. Qh5 O-O-O 14. O-O
Bb6 15. Ne2 Bxd4 16. Nxd4 Qxd4 17. Qe2 Rh8 18. Qe3 Qh4 19. h3 Kb8 20. Qe5 Qh6
21. Rfc1 g4 22. c4 gxh3 23. g3 h2+ 24. Kh1 Bc6 25. cxd5 exd5 26. Qd4 Qh5 27.
Bf1 Rg4 28. Qd1 Rc4 29. Qxh5 Rxh5 30. Rxc4 dxc4+ 31. Bg2 Bxg2+ 32. Kxg2 b5 33.
Rh1 Kc8 34. Rxh2 Rxh2+ 35. Kxh2 c5 36. Kg2 b4 37. Kf3 c3 0-1

[Event "Weekend Vitinia"]
[Site "Roma ITA"]
[Date "1996.11.??"]
[Round "?"]
[White "Convertito, Vincenzo"]
[Black "Abuhamdieh, Arafat"]
[Result "0-1"]
[WhiteElo "1711"]
[BlackElo "1420"]
[PlyCount "72"]
[EventDate "1996.11.17"]

1. d4 Nf6 2. c4 e6 3. Nf3 b6 4. a3 Bb7 5. Nc3 Be7 6. d5 exd5 7. cxd5 O-O 8. e4
d6 9. Bc4 Nbd7 10. O-O a6 11. Re1 Ne5 12. Nxe5 dxe5 13. b4 b5 14. Bf1 Qd7 15.
Qb3 Qd6 16. f3 Nd7 17. Be3 Kh8 18. Rec1 f5 19. Bxb5 Rad8 20. Ra2 axb5 21. Nxb5
Qg6 22. Nxc7 Rc8 23. Ne6 Rxc1+ 24. Bxc1 Rc8 25. Rc2 fxe4 26. Rxc8+ Bxc8 27. Qc2
Qe8 28. fxe4 Nf6 29. Nc5 Qg6 30. a4 Bh3 31. a5 Nxd5 32. a6 Nxb4 33. a7 Bxc5+
34. Kh1 Bxa7 35. Qd2 Bd4 36. Bb2 Qxe4 0-1

[Event "Weekend Vitinia"]
[Site "Roma ITA"]
[Date "1996.11.??"]
[Round "?"]
[White "Convertito, Vincenzo"]
[Black "Attanasi, Salvatore"]
[Result "1-0"]
[WhiteElo "1711"]
[BlackElo "1705"]
[PlyCount "89"]
[EventDate "1996.11.17"]

1. d4 e6 2. c4 f5 3. Nf3 Nf6 4. e3 Be7 5. Bd3 O-O 6. Nbd2 d6 7. Qc2 Nc6 8. a3
e5 9. Bxf5 Bxf5 10. Qxf5 exd4 11. exd4 Qe8 12. O-O Nh5 13. Qe6+ Kh8 14. d5 Nf4
15. Qe4 Ne5 16. Nxe5 dxe5 17. b3 Qh5 18. Nf3 Nh3+ 19. Kh1 Nf4 20. Qxe5 Qxe5 21.
Nxe5 Ne2 22. Bb2 Nf4 23. g3 Nh5 24. f4 Nf6 25. Rfe1 Bd6 26. b4 c5 27. dxc6 Bxe5
28. fxe5 Ng4 29. cxb7 Rab8 30. Rad1 Nf2+ 31. Kg2 Nxd1 32. Rxd1 Rxb7 33. c5 a5
34. c6 Rb6 35. c7 Rc6 36. Rd7 Re6 37. b5 h6 38. Bd4 Kh7 39. b6 Rc6 40. b7 Rc2+
41. Kh3 Rf5 42. c8=Q Rh5+ 43. Kg4 Rg5+ 44. Kf4 Rxh2 45. b8=Q 1-0

[Event "Weekend Vitinia"]
[Site "Roma ITA"]
[Date "1996.11.??"]
[Round "?"]
[White "Convertito, Vincenzo"]
[Black "Fanciulli, Gianluca"]
[Result "1-0"]
[WhiteElo "1711"]
[BlackElo "1564"]
[PlyCount "61"]
[EventDate "1996.11.17"]

1. d4 Nf6 2. c4 e6 3. Nf3 b6 4. a3 Bb7 5. Nc3 d5 6. cxd5 exd5 7. Bg5 Be7 8. e3
O-O 9. Be2 Nbd7 10. Rc1 Rc8 11. O-O h6 12. Bf4 Bd6 13. Bxd6 cxd6 14. Qb3 a6 15.
Ne1 Qe7 16. Nd3 b5 17. Bf3 Rc4 18. a4 Rb8 19. axb5 axb5 20. Nf4 Ne4 21. Ncxd5
Bxd5 22. Nxd5 Qe6 23. Bxe4 Qxe4 24. Rxc4 bxc4 25. Qxc4 Rxb2 26. Qc8+ Nf8 27.
Qa8 f5 28. Qa3 Rb1 29. Qa2 Rxf1+ 30. Kxf1 Ng6 31. Nf6+ 1-0

[Event "Weekend Vitinia"]
[Site "Roma ITA"]
[Date "1996.11.??"]
[Round "?"]
[White "Convertito, Vincenzo"]
[Black "Scacco, Mauro"]
[Result "1-0"]
[WhiteElo "1711"]
[BlackElo "2045"]
[PlyCount "78"]
[EventDate "1996.11.17"]

1. d4 Nf6 2. c4 g6 3. Nc3 Bg7 4. e4 O-O 5. Be2 d6 6. Nf3 e5 7. d5 a5 8. Bg5 Na6
9. Nd2 c6 10. O-O Nc5 11. b3 Qc7 12. Rc1 h6 13. Be3 Nfd7 14. a3 f5 15. f3 f4
16. Bf2 g5 17. b4 Na6 18. Qb3 Kh8 19. Na4 axb4 20. axb4 c5 21. b5 Nb4 22. Ra1
b6 23. Nc3 Rxa1 24. Rxa1 h5 25. Ra4 Nf6 26. Na2 Nxa2 27. Qxa2 g4 28. Ra7 Qd8
29. Bh4 Qe8 30. Rc7 Qg6 31. Qa8 gxf3 32. Bxf3 Bg4 33. Qa7 Bxf3 34. Nxf3 Ng4 35.
Ng5 Ne3 36. Rxg7 Qxg7 37. Qxg7+ Kxg7 38. Ne6+ Kf7 39. Nxf8 39... Kxf8 {...} 1-0

[Event "Weekend Vitinia"]
[Site "Roma ITA"]
[Date "1996.11.??"]
[Round "?"]
[White "Corvi, Marco"]
[Black "Ludovici, Roberto"]
[Result "1-0"]
[WhiteElo "2185"]
[BlackElo "1728"]
[PlyCount "49"]
[EventDate "1996.11.17"]

1. c4 Nf6 2. Nc3 g6 3. Nf3 d5 4. cxd5 Nxd5 5. g3 Bg7 6. Bg2 Nxc3 7. bxc3 O-O 8.
Rb1 c5 9. O-O Qc7 10. Qa4 b6 11. d4 Bb7 12. Bf4 Qd7 13. Qa3 cxd4 14. cxd4 Nc6
15. Rfd1 Na5 16. Bg5 Rfc8 17. Ne5 Qf5 18. Bxb7 Nxb7 19. Qxe7 Na5 20. g4 Qc2 21.
Qxf7+ Kh8 22. Bf6 Rg8 23. Rbc1 Qa4 24. Nxg6+ hxg6 25. Qxg6 1-0

[Event "Weekend Vitinia"]
[Site "Roma ITA"]
[Date "1996.11.??"]
[Round "?"]
[White "Corvi, Marco"]
[Black "Vannelli, Vittorio"]
[Result "1-0"]
[WhiteElo "2185"]
[BlackElo "1567"]
[PlyCount "73"]
[EventDate "1996.11.17"]

1. c4 Nf6 2. Nc3 d6 3. Nf3 e5 4. d4 e4 5. Nd2 Bf5 6. e3 c6 7. Be2 Nbd7 8. O-O
Bg6 9. f3 exf3 10. Bxf3 Be7 11. e4 Qb6 12. Nb3 Ne5 13. c5 Nxf3+ 14. gxf3 dxc5
15. Na4 Qb5 16. Naxc5 Bxc5 17. Nxc5 O-O 18. a4 Qb4 19. Be3 b6 20. Nd3 Qe7 21.
Ne5 Rac8 22. Rf2 Nd7 23. Nxg6 hxg6 24. Qb3 c5 25. d5 Ne5 26. Rd1 Qh4 27. Qc3
Ng4 28. Rfd2 Nxe3 29. Qxe3 f5 30. e5 f4 31. Qe4 Rf5 32. e6 Qf6 33. Re2 Rg5+ 34.
Kh1 Qf5 35. d6 Qxe4 36. Rxe4 Rf5 37. d7 1-0

[Event "Weekend Vitinia"]
[Site "Roma ITA"]
[Date "1996.11.??"]
[Round "?"]
[White "D'Andrea, Stefano"]
[Black "Scacco, Mauro"]
[Result "0-1"]
[WhiteElo "1609"]
[BlackElo "2045"]
[PlyCount "82"]
[EventDate "1996.11.17"]

1. e4 g6 2. d4 Bg7 3. f4 d6 4. Nf3 Nd7 5. e5 Nb6 6. Nc3 Nh6 7. Bd3 O-O 8. O-O
c6 9. Ne4 Nd5 10. a3 Nf5 11. Qe2 Qb6 12. c3 h5 13. Kh1 c5 14. c4 Nc7 15. d5 Bd7
16. b4 Na6 17. Rb1 cxb4 18. Bd2 b3 19. Bc2 Ba4 20. Nc3 Bd7 21. Rxb3 Qc7 22. e6
fxe6 23. dxe6 Bc6 24. Bxf5 Rxf5 25. Nh4 Nc5 26. Nb5 Bxb5 27. Rxb5 Rf6 28. Re1
a6 29. Rbb1 Raf8 30. f5 gxf5 31. Bg5 Rxe6 32. Qxh5 Ne4 33. Ng6 Nf2+ 34. Kg1 Qc5
35. g3 Nd3+ 36. Kg2 Nxe1+ 37. Rxe1 Rxe1 38. Nxf8 Qg1+ 39. Kh3 Re4 40. Bf4 Rxf4
41. gxf4 Qg4+ 0-1

[Event "Weekend Vitinia"]
[Site "Roma ITA"]
[Date "1996.11.??"]
[Round "?"]
[White "De Blasio, Alessandro"]
[Black "Attanasi, Salvatore"]
[Result "1-0"]
[WhiteElo "1609"]
[BlackElo "1705"]
[PlyCount "67"]
[EventDate "1996.11.17"]

1. e4 e6 2. d4 d5 3. Nd2 Nf6 4. e5 Nfd7 5. Bd3 c5 6. c3 Nc6 7. Ne2 cxd4 8. cxd4
Nb4 9. Bb1 Be7 10. a3 Nc6 11. O-O f5 12. Nf4 Nf8 13. Nb3 Kd7 14. Nc5+ Bxc5 15.
dxc5 Kc7 16. Bxf5 exf5 17. Nxd5+ Kb8 18. b4 Be6 19. Nf4 Qxd1 20. Rxd1 Kc7 21.
b5 Ne7 22. Be3 Re8 23. b6+ axb6 24. cxb6+ Kb8 25. Bc5 Nc6 26. Bd6+ Kc8 27. Rac1
Bd7 28. Rd4 Kd8 29. Ra4 Bc8 30. Rd1 Nd7 31. e6 Nf6 32. Bc5+ Nd7 33. exd7 Bxd7
34. Ra8+ 1-0

[Event "Weekend Vitinia"]
[Site "Roma ITA"]
[Date "1996.11.??"]
[Round "?"]
[White "De Blasio, Alessandro"]
[Black "Buffoni, Luca"]
[Result "0-1"]
[WhiteElo "1609"]
[BlackElo "1699"]
[PlyCount "80"]
[EventDate "1996.11.17"]

1. e4 e5 2. f4 Nf6 3. fxe5 Nxe4 4. Nf3 Ng5 5. d4 Nxf3+ 6. Qxf3 Qh4+ 7. Qf2
Qxf2+ 8. Kxf2 d6 9. exd6 Bxd6 10. Nd2 Nc6 11. c3 O-O 12. Nc4 Be7 13. Bf4 Be6
14. Ne3 Rad8 15. Bxc7 Rd7 16. Bf4 g5 17. Bg3 f5 18. Be5 Nxe5 19. dxe5 Rd2+ 20.
Be2 Bc5 21. b4 Bb6 22. Rhd1 Rxd1 23. Rxd1 f4 24. Rd6 Bxe3+ 25. Ke1 Bxa2 26. Rd7
Re8 27. Rxb7 Bd5 28. Rd7 Bxg2 29. Bc4+ Kh8 30. e6 Bh3 31. Rd6 Re7 32. Bd5 Kg7
33. c4 Kf6 34. c5 Ke5 35. Bb3 Bxe6 36. Bxe6 Rxe6 37. Rd7 Ra6 38. Rxh7 f3 39.
Re7+ Kd4 40. Rd7+ Kc4 0-1

[Event "Weekend Vitinia"]
[Site "Roma ITA"]
[Date "1996.11.??"]
[Round "?"]
[White "De Blasio, Alessandro"]
[Black "Gardon, Ermanno"]
[Result "1-0"]
[WhiteElo "1609"]
[BlackElo "1683"]
[PlyCount "35"]
[EventDate "1996.11.17"]

1. e4 e6 2. d4 d5 3. Nd2 Nf6 4. e5 Nfd7 5. Bd3 c5 6. c3 Nc6 7. Ne2 a5 8. Nf3 a4
9. a3 Nb6 10. Be3 cxd4 11. Nexd4 Bd7 12. O-O Na5 13. Ng5 Nbc4 14. Bc1 Be7 15.
f4 g6 16. Qe1 Qb6 17. f5 gxf5 18. Kh1 $139 1-0

[Event "Weekend Vitinia"]
[Site "Roma ITA"]
[Date "1996.11.??"]
[Round "?"]
[White "De Blasio, Alessandro"]
[Black "Laudati, Adriano"]
[Result "0-1"]
[WhiteElo "1609"]
[BlackElo "1852"]
[PlyCount "50"]
[EventDate "1996.11.17"]

1. e4 e6 2. d4 d5 3. Nd2 dxe4 4. Nxe4 Qd5 5. Bd3 Nf6 6. Nxf6+ gxf6 7. Nf3 Rg8
8. O-O Nc6 9. c4 Qh5 10. Bf4 Qg4 11. Bg3 Bd6 12. Be2 Qg7 13. Qa4 Bd7 14. Qb3
O-O-O 15. a4 f5 16. c5 Bxg3 17. hxg3 f4 18. Nd2 fxg3 19. Bf3 gxf2+ 20. Rxf2
Qxd4 21. Ne4 Qb4 22. Qe3 Nd4 23. Nf6 Nxf3+ 24. Rxf3 Qxb2 25. Nxg8 Rxg8 0-1

[Event "Weekend Vitinia"]
[Site "Roma ITA"]
[Date "1996.11.??"]
[Round "?"]
[White "De Carolis, Maurizio"]
[Black "Colombrini, Adolfo"]
[Result "0-1"]
[WhiteElo "1570"]
[BlackElo "1659"]
[PlyCount "68"]
[EventDate "1996.11.17"]

1. c4 e5 2. g3 d6 3. Bg2 f5 4. e3 Nf6 5. Nc3 c6 6. Nge2 Be7 7. O-O O-O 8. d4 e4
9. d5 c5 10. b3 Nbd7 11. Nf4 Ne5 12. f3 exf3 13. Bxf3 Nxf3+ 14. Qxf3 Qa5 15.
Bb2 Ng4 16. Nce2 Bf6 17. Bxf6 Rxf6 18. Nh5 Rh6 19. Nef4 Qd2 20. Ng2 Rxh5 21. e4
Qd4+ 22. Ne3 Qxe3+ 23. Qxe3 Nxe3 24. Rf4 Bd7 25. exf5 Rxf5 26. Re4 Nc2 27. Rc1
Nd4 28. Re7 Rd8 29. Kg2 a6 30. Rce1 Rf6 31. g4 b5 32. Kg3 g5 33. h4 gxh4+ 34.
Kxh4 Nf3+ 0-1

[Event "Weekend Vitinia"]
[Site "Roma ITA"]
[Date "1996.11.??"]
[Round "?"]
[White "De Carolis, Maurizio"]
[Black "Fucito, Giovanni"]
[Result "1/2-1/2"]
[WhiteElo "1570"]
[BlackElo "1653"]
[PlyCount "51"]
[EventDate "1996.11.17"]

1. c4 g6 2. g3 Bg7 3. Bg2 c6 4. e3 Nf6 5. Nc3 e5 6. Nge2 O-O 7. O-O d6 8. b3
Re8 9. Bb2 Na6 10. d4 exd4 11. Nxd4 Nc5 12. Qc2 Ne6 13. Nce2 Ng5 14. Nf4 Nge4
15. f3 Nc5 16. e4 Qb6 17. Kh1 Nfd7 18. Rad1 Ne5 19. Rd2 Bf8 20. Rfd1 Ne6 21.
Nfe2 Bd7 22. Qc3 d5 23. Nxe6 Rxe6 24. f4 Bb4 25. Qc2 Bxd2 26. fxe5 1/2-1/2

[Event "Weekend Vitinia"]
[Site "Roma ITA"]
[Date "1996.11.??"]
[Round "?"]
[White "De Carolis, Maurizio"]
[Black "Ianniello, Riccardo"]
[Result "0-1"]
[WhiteElo "1570"]
[BlackElo "2335"]
[PlyCount "65"]
[EventDate "1996.11.17"]

1. c4 e6 2. b3 d5 3. e3 c5 4. Nf3 d4 5. Bb2 Nc6 6. d3 e5 7. Be2 Bd6 8. O-O Nge7
9. Nbd2 O-O 10. Ne4 f5 11. Ng3 Ng6 12. Bc1 Qe7 13. exd4 cxd4 14. Re1 Bd7 15. a3
a5 16. Bg5 Qf7 17. Bd2 h6 18. h4 e4 19. h5 Nge7 20. Nh4 Qf6 21. Ng6 Nxg6 22.
hxg6 Bxg3 23. fxg3 e3 24. Bc1 Qxg6 25. Bb2 Qxg3 26. Rf1 f4 27. Bf3 Rae8 28. Qe2
Rd8 29. Bd5+ Kh8 30. Rf3 Qg5 31. Raf1 Bg4 32. Be4 Ne5 33. Rxf4 0-1

[Event "Weekend Vitinia"]
[Site "Roma ITA"]
[Date "1996.11.??"]
[Round "?"]
[White "De Carolis, Maurizio"]
[Black "Simeoni, Matteo"]
[Result "0-1"]
[WhiteElo "1570"]
[BlackElo "1797"]
[PlyCount "62"]
[EventDate "1996.11.17"]

1. c4 f5 2. g3 Nf6 3. Bg2 e6 4. Nc3 Be7 5. e3 O-O 6. Nge2 d6 7. O-O Qe8 8. Nf4
c6 9. Qb3 e5 10. Nfe2 Na6 11. d4 Kh8 12. Qc2 Qh5 13. a3 Bd7 14. b3 Rae8 15. Bb2
Ng4 16. h3 Nh6 17. dxe5 dxe5 18. Rad1 Bc8 19. h4 Rf6 20. b4 Rg6 21. f4 e4 22.
Qd2 Ng4 23. Rfe1 Be6 24. Qd4 Bxh4 25. gxh4 Qxh4 26. Ng3 Qxg3 27. Re2 Nh2 28.
Qxa7 Rh6 29. Rf2 Ng4 30. Nxe4 Rh1+ 31. Kxh1 Qh2# 0-1

[Event "Weekend Vitinia"]
[Site "Roma ITA"]
[Date "1996.11.??"]
[Round "?"]
[White "Del Castello, Lucio"]
[Black "Ciotoli, Patrizio"]
[Result "0-1"]
[WhiteElo "1594"]
[BlackElo "1956"]
[PlyCount "112"]
[EventDate "1996.11.17"]

1. e4 d5 2. exd5 Qxd5 3. Nc3 Qa5 4. d4 Nf6 5. Nf3 Bf5 6. Bd3 e6 7. O-O Bb4 8.
h3 Nbd7 9. Bf4 c6 10. Qe2 Bxd3 11. Qxd3 Bxc3 12. bxc3 Nd5 13. Bd2 Qc7 14. Rfe1
O-O 15. Ne5 Nxe5 16. Rxe5 Ne7 17. Qg3 Ng6 18. Rg5 Qxg3 19. Rxg3 Rfd8 20. Be3 b6
21. Re1 Rd5 22. Bc1 Rad8 23. Rd3 Ra5 24. a3 Ra4 25. Kf1 Rd5 26. Red1 Nh4 27.
Re1 Nf5 28. Re5 Nd6 29. Ke2 Nc4 30. Re4 Rb5 31. Kf3 Rf5+ 32. Ke2 Nxa3 33. g4
Rfa5 34. Bxa3 Rxa3 35. f4 g6 36. Re5 Rd5 37. c4 Rxe5+ 38. fxe5 Ra4 39. d5 cxd5
40. cxd5 exd5 41. Rxd5 Kf8 42. Rd7 a6 43. Kd3 Ra3+ 44. c3 b5 45. Rb7 h5 46. g5
Ra1 47. Ra7 a5 48. Ke4 a4 49. Kd5 Rd1+ 50. Kc6 Rd3 51. e6 fxe6 52. Ra8+ Ke7 53.
Ra7+ Ke8 54. Kxb5 Rxc3 55. Rxa4 Rxh3 56. Ra8+ Kd7 0-1

[Event "Weekend Vitinia"]
[Site "Roma ITA"]
[Date "1996.11.??"]
[Round "?"]
[White "Del Castello, Lucio"]
[Black "De Carolis, Maurizio"]
[Result "1/2-1/2"]
[WhiteElo "1594"]
[BlackElo "1570"]
[PlyCount "61"]
[EventDate "1996.11.17"]

1. e4 d6 2. d4 Nf6 3. Nc3 c6 4. Nf3 Qa5 5. Bd2 Qb6 6. h3 Nbd7 7. a3 e5 8. Be3
Qc7 9. Be2 Be7 10. O-O O-O 11. Qd2 Re8 12. Rfe1 Bf8 13. Bd3 exd4 14. Bxd4 Ne5
15. Be2 h6 16. Rad1 Be6 17. b3 Rad8 18. Qf4 Bc8 19. a4 Ng6 20. Qc1 Nxe4 21.
Nxe4 Rxe4 22. Bd3 Ree8 23. Be3 b6 24. c3 Ne5 25. Be2 Bb7 26. Nh4 Qe7 27. Nf5
Qf6 28. Bg4 h5 29. Bg5 Qg6 30. Nh4 Qh7 31. Bf5 1/2-1/2

[Event "Weekend Vitinia"]
[Site "Roma ITA"]
[Date "1996.11.??"]
[Round "?"]
[White "Del Castello, Lucio"]
[Black "Piccioni, Marco"]
[Result "1/2-1/2"]
[WhiteElo "1594"]
[BlackElo "1537"]
[PlyCount "108"]
[EventDate "1996.11.17"]

1. e4 e5 2. Nf3 Nc6 3. Bb5 a6 4. Ba4 Nf6 5. O-O Be7 6. Re1 b5 7. Bb3 O-O 8. d4
d6 9. h3 exd4 10. c3 dxc3 11. Nxc3 Na5 12. Bc2 Nc4 13. Nd5 Bb7 14. Qe2 Nxd5 15.
exd5 Bf6 16. a4 Bxd5 17. Qd3 g6 18. Qxd5 Nxb2 19. Rb1 Nxa4 20. Bxa4 bxa4 21.
Qc6 Rb8 22. Rxb8 Qxb8 23. Qxa4 Qb5 24. Qc2 c6 25. Bf4 Rd8 26. Rd1 d5 27. Be5
Bxe5 28. Nxe5 c5 29. Rb1 Qe8 30. Ng4 Qe7 31. Qd2 d4 32. Rb6 d3 33. Qh6 d2 34.
Nf6+ Qxf6 35. Rxf6 d1=Q+ 36. Kh2 Qe2 37. Qf4 Rd7 38. Rc6 Rd5 39. Qh6 Qe5+ 40.
f4 Qf5 41. Rxa6 Rd8 42. Qh4 Re8 43. Qf2 c4 44. Rc6 Rc8 45. Rxc8+ Qxc8 46. Qc2
c3 47. Kg3 Qc4 48. Kf3 f5 49. Kg3 Qb4 50. Qd3 Qa3 51. Qd8+ Kg7 52. Qd7+ Kh6 53.
Qd3 Qb2 54. Qd8 Qd2 1/2-1/2

[Event "Weekend Vitinia"]
[Site "Roma ITA"]
[Date "1996.11.??"]
[Round "?"]
[White "Del Castello, Lucio"]
[Black "Trebeschi, Andrea"]
[Result "1-0"]
[WhiteElo "1594"]
[BlackElo "1699"]
[PlyCount "59"]
[EventDate "1996.11.17"]

1. e4 d6 2. d4 Nf6 3. Nc3 g6 4. Bg5 Bg7 5. Qd2 O-O 6. O-O-O Bg4 7. f3 Bd7 8. g4
Nc6 9. Bh6 e5 10. Bxg7 Kxg7 11. Nce2 a6 12. h4 h6 13. d5 Ne7 14. Ng3 Ne8 15.
Bd3 f5 16. gxf5 gxf5 17. exf5 Nxf5 18. N1e2 Nxg3 19. Nxg3 Nf6 20. Rdg1 Kf7 21.
Nh5 Nxh5 22. Bg6+ Ke7 23. Bxh5 Rg8 24. Qxh6 Qf8 25. Qh7+ Kf6 26. Qxd7 Qe7 27.
Qh3 Rae8 28. Rg5 Qh7 29. Bxe8 Rxe8 30. Rhg1 1-0

[Event "Weekend Vitinia"]
[Site "Roma ITA"]
[Date "1996.11.??"]
[Round "?"]
[White "Di Lascio, Savino"]
[Black "Brandi, Flaviano"]
[Result "1/2-1/2"]
[WhiteElo "1927"]
[BlackElo "1713"]
[PlyCount "67"]
[EventDate "1996.11.17"]

1. Nf3 Nf6 2. c4 c5 3. g3 g6 4. Bg2 Bg7 5. O-O O-O 6. Nc3 d6 7. b3 Nbd7 8. Bb2
Rb8 9. d4 a6 10. Qc2 b5 11. dxc5 bxc4 12. cxd6 cxb3 13. axb3 exd6 14. Ba3 Nc5
15. b4 Bf5 16. Qd1 Nce4 17. Rc1 Nxc3 18. Rxc3 Nd5 19. Rc6 Nxb4 20. Rxd6 Qa5 21.
Bxb4 Rxb4 22. Qd2 Ra4 23. Qxa5 Rxa5 24. Nd4 Bxd4 25. Rxd4 Be6 26. Rc1 Ra2 27.
Kf1 a5 28. Ke1 a4 29. Bd5 Bxd5 30. Rxd5 Ra8 31. Rc7 a3 32. Rdd7 Ra1+ 33. Kd2 a2
34. Ra7 1/2-1/2

[Event "Weekend Vitinia"]
[Site "Roma ITA"]
[Date "1996.11.??"]
[Round "?"]
[White "Di Lascio, Savino"]
[Black "Colantonio, Marco"]
[Result "1-0"]
[WhiteElo "1927"]
[BlackElo "1573"]
[PlyCount "129"]
[EventDate "1996.11.17"]

1. Nf3 Nf6 2. c4 g6 3. b4 c5 4. b5 Bg7 5. Bb2 O-O 6. g3 b6 7. Bg2 Bb7 8. O-O d6
9. Qb3 a6 10. a4 Nbd7 11. Na3 d5 12. d3 d4 13. bxa6 Rxa6 14. Rfb1 Re8 15. Bc1
e5 16. e4 Qa8 17. Nb5 Rc8 18. Nd6 Rb8 19. Ng5 Bc6 20. Ngxf7 Bxa4 21. Rxa4 Rxa4
22. Bh3 Rb4 23. Qc2 Rxb1 24. Qxb1 Qa5 25. Nh6+ Kf8 26. Bg5 Ra8 27. Kg2 Qb4 28.
Qd1 Qc3 29. Bxd7 Ra1 30. Qf3 Qe1 31. Kh3 Qf1+ 32. Kh4 Qh1 33. Qxh1 Rxh1 34.
Bxf6 Bxf6+ 35. Kh3 Rd1 36. Ng4 Bd8 37. Nxe5 Bc7 38. Ndf7 Ke7 39. Bg4 Rd2 40. f4
h5 41. Bc8 Kf6 42. Bb7 Bxe5 43. Nxe5 g5 44. Bc6 g4+ 45. Nxg4+ hxg4+ 46. Kxg4
Rxd3 47. e5+ Kg7 48. f5 Re3 49. Kf4 Re1 50. f6+ Kf8 51. Bd5 d3 52. e6 d2 53.
e7+ Ke8 54. Bc6+ Kf7 55. Ba4 d1=Q 56. Bxd1 Rxd1 57. Kg5 Rf1 58. h4 Rxf6 59.
e8=Q+ Kxe8 60. Kxf6 b5 61. h5 bxc4 62. h6 c3 63. h7 c2 64. h8=Q+ Kd7 65. Qh7+
1-0

[Event "Weekend Vitinia"]
[Site "Roma ITA"]
[Date "1996.11.??"]
[Round "?"]
[White "Di Lascio, Savino"]
[Black "Morisi, Eugenio"]
[Result "0-1"]
[WhiteElo "1927"]
[BlackElo "1729"]
[PlyCount "62"]
[EventDate "1996.11.17"]

1. Nf3 f5 2. g3 Nc6 3. Bg2 e5 4. d3 Nf6 5. O-O Be7 6. Nbd2 O-O 7. Nc4 d6 8. c3
e4 9. dxe4 fxe4 10. Nd4 d5 11. Nxc6 bxc6 12. Na5 Bd7 13. Be3 Qe8 14. f3 Qh5 15.
Bf4 Bd6 16. g4 Bxg4 17. Bxd6 cxd6 18. fxg4 Nxg4 19. Rxf8+ Rxf8 20. h3 Ne3 21.
Qe1 Qg5 22. Qf2 Rxf2 23. Kxf2 Nxg2 24. Rg1 e3+ 25. Kf1 Qf4+ 26. Kxg2 Qf2+ 27.
Kh1 Qxe2 28. Nxc6 Qf3+ 29. Kh2 e2 30. Nxa7 Qf2+ 31. Rg2 e1=Q 0-1